Zákon NR SR č. 182/1993 Z.z. z 8. júla 1993 o vlastníctve bytov a nebytových priestorov

Úplný text zákona.

Guardado en:
Detalles Bibliográficos
Formato: Capítulo de libro
Lenguaje:eslovaco
Materias:
Etiquetas: Agregar Etiqueta
Sin Etiquetas, Sea el primero en etiquetar este registro!

MARC

LEADER 00000naa a2200000 4500
001 r014142
005 20221213123557.6
041 0 |a slo 
044 |a SK 
245 1 0 |a Zákon NR SR č. 182/1993 Z.z. z 8. júla 1993 o vlastníctve bytov a nebytových priestorov 
520 |a Úplný text zákona. 
610 2 0 |a byty 
610 2 0 |a vlastníctvo 
610 2 0 |a zákony 
610 2 0 |a Slovensko 
610 2 0 |a 1993 
610 2 0 |a priestory nebytové